Biological warfare in the 21st century : biotechnology and the proliferation of biological weapons (Record no. 62927)
[ view plain ]
| 000 -LEADER | |
|---|---|
| fixed length control field | 00595nam a22001937a 4500 |
| 003 - CONTROL NUMBER IDENTIFIER | |
| control field | NUST - PNEC |
| 005 - DATE AND TIME OF LATEST TRANSACTION | |
| control field | 20170116180800.0 |
| 008 - FIXED-LENGTH DATA ELEMENTS--GENERAL INFORMATION | |
| fixed length control field | 150413b xxu||||| |||| 00| 0 eng d |
| 020 ## - INTERNATIONAL STANDARD BOOK NUMBER | |
| International Standard Book Number | 1857530640 |
| 040 ## - CATALOGING SOURCE | |
| Transcribing agency | LIBRARY |
| 082 ## - DEWEY DECIMAL CLASSIFICATION NUMBER | |
| Classification number | 358.38 DAN |
| 100 ## - MAIN ENTRY--PERSONAL NAME | |
| 9 (RLIN) | 2455 |
| Personal name | Dando, Malcolm |
| 245 ## - TITLE STATEMENT | |
| Title | Biological warfare in the 21st century : biotechnology and the proliferation of biological weapons |
| Statement of responsibility, etc. | Malcolm Dando |
| 250 ## - EDITION STATEMENT | |
| Edition statement | - |
| 260 ## - PUBLICATION, DISTRIBUTION, ETC. | |
| Place of publication, distribution, etc. | London, New York |
| Name of publisher, distributor, etc. | Brassey's ( UK ) |
| Date of publication, distribution, etc. | c1994. |
| 300 ## - PHYSICAL DESCRIPTION | |
| Extent | 258 p. : |
| Dimensions | 21.5 cm |
| 650 ## - SUBJECT ADDED ENTRY--TOPICAL TERM | |
| 9 (RLIN) | 2457 |
| Topical term or geographic name entry element | World politics, War |
| General subdivision | MIS, General |
| 942 ## - ADDED ENTRY ELEMENTS (KOHA) | |
| Source of classification or shelving scheme | |
| Koha item type | Book |
| Withdrawn status | Lost status | Source of classification or shelving scheme | Damaged status | Not for loan | Permanent Location | Current Location | Shelving location | Date acquired | Source of acquisition | Cost, normal purchase price | Total Checkouts | Full call number | Barcode | Date last seen | Cost, replacement price | Price effective from | Koha item type |
|---|---|---|---|---|---|---|---|---|---|---|---|---|---|---|---|---|---|
| Pakistan Navy Engineering College (PNEC) | Pakistan Navy Engineering College (PNEC) | PN Book Club | 100.00 | 358.38 DAN | PNECLIB-022528 | 04/13/2015 | 100.00 | Book | |||||||||
| Pakistan Navy Engineering College (PNEC) | Pakistan Navy Engineering College (PNEC) | PN Book Club | 100.00 | 358.38 DAN | PNECLIB-022531 | 04/13/2015 | 100.00 | Book | |||||||||
| Pakistan Navy Engineering College (PNEC) | Pakistan Navy Engineering College (PNEC) | PN Book Club | 100.00 | 358.38 DAN | PNECLIB-022532 | 04/13/2015 | 100.00 | Book | |||||||||
| Pakistan Navy Engineering College (PNEC) | Pakistan Navy Engineering College (PNEC) | PN Book Club | 100.00 | 358.38 DAN | PNECLIB-030776 | 04/13/2015 | 100.00 | Book |
